Statistics for Countries With the Most EPL Goals

Click here to take the quiz!

General Stats

  • This quiz has been taken 37 times
  • The average score is 15 of 20

Answer Stats

GoalsCountry% Correct
1.692France
100%
913Spain
97%
413Germany
94%
14.754United Kingdom
94%
565Argentina
91%
762Brazil
91%
1.065Ireland
91%
454Italy
91%
688Belgium
89%
1.013Netherlands
89%
451Portugal
86%
251Sweden
80%
609Norway
71%
299Denmark
63%
270Australia
57%
571Nigeria
54%
421Ivory Coast
51%
415Senegal
46%
207Serbia
29%
421Jamaica
9%

Score Distribution

Percentile by Number Answered

Percent of People with Each Score

Your Score History

You have not taken this quiz